000 00298nam a22001337a 4500
041 _aEnglish
082 _a248 PRA
100 _aPrabhakar, Samson
245 _aReflections on Spirituality
260 _aBangalore
_bSamson Prabhaker
_c2006
300 _a50
650 _aSpirituality
942 _cBK
999 _c20945
_d20945